Visualizzazione normale
Vista MARC
- Rollo Dolores (et al.)
di Personal Name
Records bibliografici associati: 1
001 - CONTROL NUMBER
- control field: 61381
003 - CONTROL NUMBER IDENTIFIER
- control field:
005 - DATE AND TIME OF LATEST TRANSACTION
- control field: 20250116145731.0
008 - FIXED-LENGTH DATA ELEMENTS
- fixed length control field: 250116|| aca||aabn | a|a d
040 ## - CATALOGING SOURCE
- Original cataloging agency:
- Transcribing agency:
100 ## - HEADING--PERSONAL NAME
- Personal name: Rollo Dolores (et al.)
670 ## - SOURCE DATA FOUND
- Source citation: Work cat.: ()243584: Rollo Dolores (et al.), A scuola con serenità. Le difficoltà di apprendimento, 2008